Statistics for Previous Occupations of Presidents

Click here to take the quiz!

General Stats

  • This quiz has been taken 13 times
  • The average score is 21 of 45

Answer Stats

PresidentPrevious Occupation% Correct
George WashingtonCommander-in-chief of the Continental Army
100%
Dwight Eisenhower1st Supreme Allied Commander Europe
80%
Ulysses GrantSecretary of War
70%
George H.W. BushVice President
70%
Gerald FordVice President
70%
Lyndon JohnsonVice President
70%
Joe BidenVice President
70%
Donald TrumpBusinessman
60%
Bill ClintonGovernor of Arkansas
60%
Ronald ReaganGovernor of California
60%
Jimmy CarterGovernor of Georgia
60%
George W. BushGovernor of Texas
60%
John AdamsVice President
60%
Richard NixonVice President
60%
Harry TrumanVice President
60%
James MadisonSecretary of State
50%
James MonroeSecretary of State
50%
Thomas JeffersonSecretary of State
50%
Barack ObamaSenator from Illinois
50%
John KennedySenator from Massachusetts
50%
Calvin CoolidgeVice President
50%
Theodore RooseveltVice President
50%
Woodrow WilsonGovernor of New Jersey
40%
Franklin RooseveltGovernor of New York
40%
Herbert HooverSecretary of Commerce
40%
John Quincy AdamsSecretary of State
40%
Chester ArthurVice President
40%
Andrew JohnsonVice President
40%
Grover ClevelandGovernor of New York
30%
William McKinleyGovernor of Ohio
30%
James PolkGovernor of Tennessee
30%
Zachary TaylorMajor General in the US Army
30%
Abraham LincolnRepresentative from Illinois' 7th District
30%
James GarfieldRepresentative from Ohio's 19th District
30%
James BuchananSecretary of State
30%
Franklin PierceSenator from New Hampshire
30%
William HarrisonSenator from Ohio
30%
Warren HardingSenator from Ohio
30%
Andrew JacksonSenator from Tennessee
30%
Martin Van BurenVice President
30%
Millard FilmoreVice President
30%
John TylerVice President
30%
Rutherford HayesGovernor of Ohio
20%
William TaftSecretary of War
20%
Benjamin HarrisonSenator from Indiana
20%

Score Distribution

Percentile by Number Answered

Percent of People with Each Score

Your Score History

You have not taken this quiz